000
00324nam a22001337a 4500
020
_a
81-8131-098-5
041
_a
ENG
100
_a
Beitannica
245
_a
Beitannica Ready Reference Encyclopedia Vol 10
260
_a
New Delhi
_b
Beitannica
_c
2006
300
_a
252
650
_a
Competitive Exam
856
_u
Competitive Exam
999
_c
2441
_d
2441